The puffin book of magical Indian myths / (Record no. 13263)
[ view plain ]
| 000 -LEADER | |
|---|---|
| fixed length control field | 01746nam a22003377a 4500 |
| 001 - CONTROL NUMBER | |
| control field | B-263799-803 |
| 003 - CONTROL NUMBER IDENTIFIER | |
| control field | dpl |
| 005 - DATE AND TIME OF LATEST TRANSACTION | |
| control field | 20080604121011.0 |
| 006 - FIXED-LENGTH DATA ELEMENTS--ADDITIONAL MATERIAL CHARACTERISTICS--GENERAL INFORMATION | |
| fixed length control field | a|||||r|||||00| 1 |
| 007 - PHYSICAL DESCRIPTION FIXED FIELD--GENERAL INFORMATION | |
| fixed length control field | ta |
| 008 - FIXED-LENGTH DATA ELEMENTS--GENERAL INFORMATION | |
| fixed length control field | 080602t xxu||||| |||| 00| 0 eng d |
| 010 ## - LIBRARY OF CONGRESS CONTROL NUMBER | |
| LC control number | B-263799-803 |
| 020 ## - INTERNATIONAL STANDARD BOOK NUMBER | |
| International Standard Book Number | 0143330047 |
| Terms of availability | 499.00 |
| 037 ## - SOURCE OF ACQUISITION | |
| Stock number | UBH dt. 7.5.08 |
| Source of stock number/acquisition | UBH/ 7.5.08/29/8.4.08/19.5.08/499.00/ |
| 040 ## - CATALOGING SOURCE | |
| Original cataloging agency | DPL |
| 082 ## - DEWEY DECIMAL CLASSIFICATION NUMBER | |
| Classification number | 398.469 / NAI |
| 100 ## - MAIN ENTRY--PERSONAL NAME | |
| Personal name | Nair, Anita |
| 245 ## - TITLE STATEMENT | |
| Title | The puffin book of magical Indian myths / |
| Statement of responsibility, etc | by Anita Nair: illustrated by Atanu Roy |
| 260 ## - PUBLICATION, DISTRIBUTION, ETC. (IMPRINT) | |
| Place of publication, distribution, etc | New Delhi |
| Name of publisher, distributor, etc | Puffin Books |
| Date of publication, distribution, etc | 2007 |
| 260 ## - PUBLICATION, DISTRIBUTION, ETC. (IMPRINT) | |
| Place of publication, distribution, etc | Delhi |
| Name of publisher, distributor, etc | UBH(Distributor) |
| 270 ## - ADDRESS | |
| Address | 11, Community Centre, Panchsheel Park |
| City | New Delhi |
| Postal code | 110017 |
| 270 ## - ADDRESS | |
| Address | 15, UB Bunglow Road, |
| City | Delhi |
| Postal code | 110007 |
| 300 ## - PHYSICAL DESCRIPTION | |
| Extent | 181p.: |
| Other physical details | col. ill. |
| Dimensions | 25 cm (Hb) |
| 700 ## - ADDED ENTRY--PERSONAL NAME | |
| Personal name | Roy, Atanu |
| 942 ## - ADDED ENTRY ELEMENTS (KOHA) | |
| Source of classification or shelving scheme | Dewey Decimal Classification |
| Koha item type | Children Books |
| Classification part | 398.469 / NAI |
| Withdrawn status | Lost status | Damaged status | Not for loan | Collection code | Home library | Current library | Date acquired | Source of acquisition | Cost, normal purchase price | Total Checkouts | Full call number | Barcode | Date last seen | Cost, replacement price | Price effective from | Koha item type | Copy number |
|---|---|---|---|---|---|---|---|---|---|---|---|---|---|---|---|---|---|
| Non-fiction | Central Library | Central Library | 30/06/2008 | 499.00 | 398.469 / NAI | B-263799 | 15/09/2008 | 499.00 | 15/09/2008 | Children Books | |||||||
| Non-fiction | Karol Bagh | Karol Bagh | 30/06/2008 | UBH/7.5.08 /29/8.4.08/19.5.08/135.00/ | 135.00 | 398.469 / NAI | B-263802 | 15/09/2008 | 135.00 | 15/09/2008 | Children Books | 1 | |||||
| Non-fiction | Patel Nagar | Patel Nagar | 30/06/2008 | 499.00 | 398.469 / NAI | B-263800 | 15/09/2008 | 499.00 | 15/09/2008 | Children Books | |||||||
| Non-fiction | Sarojini Nagar | Sarojini Nagar | 30/06/2008 | 499.00 | 398.469 / NAI | B-263801 | 15/09/2008 | 499.00 | 15/09/2008 | Children Books | |||||||
| Non-fiction | Shahdara Branch | Shahdara Branch | 04/06/2008 | UBH/7.5.08 /29/8.4.08/19.5.08/499.00/ | 499.00 | 398.469 / NAI | B-263803 | 15/09/2008 | 499.00 | 15/09/2008 | Children Books |
